000 00489nam a2200157 i 4500
001 83171
003 ES-MaACL
005 20230906174804.0
007 t|
008 041115s1981 sp ||||1| spa d
245 0 0 _aReseña estadística de la provincia de Burgos
_b: 1980 /
_cInstituto Nacional de Estadística.
260 _a[Madrid :
_bs.n.,
_c1981]
300 _a276 p. ;
_c24 cm.
710 2 _aInstituto Nacional de Estadística (España)
_95162
852 _aES-MaACL
_jL-863
_bR.101637
999 _c83171
_d83171